| 000 | 00000nam 22000008i 4500 |
| 001 | 9.912950 |
| 003 | CaOODSP |
| 005 | 20240105152015 |
| 006 | m o d f |
| 007 | cr nn||||||||| |
| 008 | 220630s2022 onc o f000 0 eng d |
| 020 | |a9780660443409 |
| 040 | |aCaOODSP|beng|erda|cCaOODSP |
| 043 | |an-cn--- |
| 086 | 1 |aMQ21-54/8-2022E-PDF |
| 245 | 00|aApplying for the Canada-Ukraine authorization for emergency travel. |
| 264 | 1|a[Ottawa] : |bImmigration, Refugees and Citizenship Canada = Immigration, réfugiés et citoyenneté Canada, |c[2022] |
| 300 | |a1 online resource (2 unnumbered pages) |
| 336 | |atext|btxt|2rdacontent |
| 337 | |acomputer|bc|2rdamedia |
| 338 | |aonline resource|bcr|2rdacarrier |
| 500 | |aIssued also in French under title: Faire une demande d’Autorisation de voyage d’urgence Canada-Ukraine. |
| 500 | |aAt head of title: #Welcome Ukrainians (Canada.ca/Ukraine-immigration-measures). |
| 650 | 0|aUkrainians|xServices for|zCanada. |
| 650 | 0|aVisas|zCanada. |
| 651 | 0|aCanada|xEmigration and immigration. |
| 710 | 1 |aCanada. |bImmigration, Refugees and Citizenship Canada, |eissuing body. |
| 775 | 08|tFaire une demande d’Autorisation de voyage d’urgence Canada-Ukraine.|w(CaOODSP)9.912949 |
| 856 | 40|qPDF|s543 KB|uhttps://publications.gc.ca/collections/collection_2024/ircc/MQ21-54-8-2022-eng.pdf |